1488 1279 1155 1297 1309 1413 1808 1356 1242 1471 1637 1692 1918 1416 1109 1152 1526 1527 1820 1911 1315 1261 1526 1760 1573 1510 1778 1651 1399 1218 1009 1104 1803 1217 1455 1752 1451 1893 1631 1746 1885 1414 1457 1357 1131 1363 1946 1678 1098 1371 1023 1324 1135 1452 1870 1970 1452 1416 1449 1765 1348 1722 1595 1043 1294 1247 1537 1792 1789 1437 1441 1412 1791 1803 1601 1819 1695 1243 1940 1984 1701 1551 1803 1910 1586 1249 1754 1920 1489 1783 1289 1039 1142 1274 1570 1315 1490 1509 1208 BCNSPRNW ULIB Ver.6.0+V

เปลี่ยนเป็นภาษาไทย

Change to English
 แสดงรายละเอียดบรรณานุกรม
  กลับหน้าหลัก

Brief Record : Get Marc (ISO 2709) : E-mail record : QR code < ปิดหน้าต่าง
LEADER : 00000nam 2200000uu 4500
001    13399121300
003     ULIB
008    020711s2553 th a 000 0 tha d
099    ^aวจ.WY18^bศ222ก
100    ^aศรีประไพ อินทร์ชัยเทพ
245    การเทียบเคียงสมรรถนะ ด้านการปฏิบัติทางการศึกษาที่มีประสิทธิภาพของวิทยาลัยพยาบาลบรมราชชนี นครลำปาง กับสถาบันการศึกษาพยาบาลในสังกัดสถาบันพระบรมราชชนก/^cศรีประไพ อินทร์ชัยเทพ และคณะ
260    ^aลำปาง :^bวิทยาลัยพยาบาลบรมราชชนี นครลำปาง,^c2553
300    ^a59 หน้า
650  7 สมรรถนะ^xนักศึกษาพยาบาล^xวิจัย
710 1  ^aวิทยาลัยพยาบาลบรมราชชนี นครลำปาง
710 1  สถาบันพระบรมราชชนก
945    ^p0^l0^i033056
995    ทศพร
999 ^a ทศพร
รายการนี้ยังไม่มีแท็ก
คุณยังไม่ได้ล็อกอิน คุณสามารถมีกิจกรรมร่วมกับเว็บไซต์ได้ แต่ต้องล็อกอินก่อน ::
  ล็อกอิน

รายการสื่อสารสนเทศ

ลำดับที่ ประเภท เลขเรียก/บาร์โค้ด สถานที่ สถานะ
1. งานวิจัย
งานวิจัย
วจ.WY18 ศ222ก ฉ.1 
  Barcode: 033056
ห้องสมุดวิทยาเขตสวรรค์ประชารักษ์
►วิจัย
บนชั้น

รายการใกล้เคียง
    ผู้แต่ง [ศรีประไพ อินทร์ชัยเทพ]

BibComment


ยังไม่เคยถูกคอมเมนท์

คอมเมนท์ทรัพยากรรายการนี้
  คอมเมนท์: การเทียบเคียงสมรร..


 Copyright 2026. Bcnsprnw @Library